<?xml version="1.0" encoding="UTF-8"?>
<record
    xmlns:xsi="http://www.w3.org/2001/XMLSchema-instance"
    xsi:schemaLocation="http://www.loc.gov/MARC21/slim http://www.loc.gov/standards/marcxml/schema/MARC21slim.xsd"
    xmlns="http://www.loc.gov/MARC21/slim">

  <leader>01218nam a22002417a 4500</leader>
  <controlfield tag="008">171014s1992        sz||||| |||| 00| 0 eng d</controlfield>
  <datafield tag="082" ind1="0" ind2="4">
    <subfield code="a">708</subfield>
    <subfield code="b">L677w</subfield>
  </datafield>
  <datafield tag="100" ind1="1" ind2=" ">
    <subfield code="a">Singer, Susanna.</subfield>
    <subfield code="9">6036</subfield>
  </datafield>
  <datafield tag="245" ind1="1" ind2="4">
    <subfield code="a">Sol LeWitt :</subfield>
    <subfield code="b">wall drawings 1984 - 1992 /</subfield>
    <subfield code="c">editado por Susanna Singer.</subfield>
  </datafield>
  <datafield tag="250" ind1=" " ind2=" ">
    <subfield code="a">3a edici&#xF3;n revisada.</subfield>
  </datafield>
  <datafield tag="260" ind1=" " ind2=" ">
    <subfield code="a">Suiza :</subfield>
    <subfield code="b">Kunsthalle Bern,</subfield>
    <subfield code="c">1992.</subfield>
  </datafield>
  <datafield tag="300" ind1=" " ind2=" ">
    <subfield code="a">222 p&#xE1;ginas :</subfield>
    <subfield code="b">ilustraciones en color.</subfield>
  </datafield>
  <datafield tag="500" ind1=" " ind2=" ">
    <subfield code="a">Cat&#xE1;logo publicado originalmente con motivo a la exposici&#xF3;n "Sol Lewitt's Wall Drawing Retrospective", presentada en Kunsthalle Bern, del 27 de enero al 12 de marzo de 1989. Es republicado con motivo a la exposici&#xF3;n "Sol LeWitt's Wall Drawing", presentada en Sala Rekalde en Bilbao, del 29 de mayo al 31 de julio y del 15 de agosto al 13 de setiembre de 1992; y con la exposici&#xF3;n "Sol LeWitt: Twenty Five Years of Wall Drawings", presentada en Addison Gallery of American Art, del 16 de abril al 20 de junio de 1993.</subfield>
  </datafield>
  <datafield tag="653" ind1="1" ind2="0">
    <subfield code="a">Arte contempor&#xE1;neo</subfield>
  </datafield>
  <datafield tag="653" ind1="1" ind2="0">
    <subfield code="a">Cat&#xE1;logo de exhibici&#xF3;n</subfield>
  </datafield>
  <datafield tag="653" ind1="1" ind2="0">
    <subfield code="a">Exhibiciones </subfield>
  </datafield>
  <datafield tag="653" ind1="1" ind2="0">
    <subfield code="a">Arte conceptual</subfield>
  </datafield>
  <datafield tag="653" ind1="1" ind2="0">
    <subfield code="a">Arte - Estados Unidos</subfield>
  </datafield>
  <datafield tag="653" ind1="1" ind2="0">
    <subfield code="a">Pintura</subfield>
  </datafield>
  <datafield tag="653" ind1="1" ind2="0">
    <subfield code="a">Dibujo</subfield>
  </datafield>
  <datafield tag="653" ind1="1" ind2="0">
    <subfield code="a">Murales</subfield>
  </datafield>
  <datafield tag="653" ind1="1" ind2="0">
    <subfield code="a">Minimalismo</subfield>
  </datafield>
  <datafield tag="999" ind1=" " ind2=" ">
    <subfield code="c">1320</subfield>
    <subfield code="d">1320</subfield>
  </datafield>
  <datafield tag="952" ind1=" " ind2=" ">
    <subfield code="0">0</subfield>
    <subfield code="1">0</subfield>
    <subfield code="2">ddc</subfield>
    <subfield code="4">0</subfield>
    <subfield code="7">0</subfield>
    <subfield code="a">LV</subfield>
    <subfield code="b">LV</subfield>
    <subfield code="c">Monograf&#xED;as</subfield>
    <subfield code="d">2017-10-14</subfield>
    <subfield code="l">0</subfield>
    <subfield code="o">708 L677w</subfield>
    <subfield code="p">000886</subfield>
    <subfield code="r">2017-10-14 00:00:00</subfield>
    <subfield code="w">2017-10-14</subfield>
    <subfield code="y">01</subfield>
  </datafield>
</record>
